Countries By Leaders - Statistics

General Stats
  • This quiz has been taken 39 times
  • The average score is 12 of 15
Answer Stats
Leader Answer % Correct
Mahatma Gandhi India
100%
Queen Elizabeth II United Kingdom
100%
George Washington United States of America
100%
Xi Jinping China
97%
Napoleon Bonaparte France
97%
Julius Cesar Italy
97%
Kim Jong Un North Korea
97%
Cleopatra Egypt
94%
Nelson Mandela South Africa
94%
Pope Francis Vatican City
94%
Alexander the Great Greece
91%
Ghengis Khan Mongolia
91%
Albert II Monaco
27%
Ratu Wiliame Katonivere Fiji
18%
Manasseh Damukana Sogavare Solomon Islands
15%
No matching quizzes found
Score Distribution
Percent of People with Each Score
Percentile by Number Answered
Your Score History
You have not taken this quiz